skbl

Dr Suryya Kumar Bhuyan Library Web-OPAC
ডঃ সূৰ্য্য
কুমাৰ ভূঞা পুথিভঁৰাল ৱেব-অ'পেক

All Research Scholars are advised to clear the annual library fees to continue using Library Resources, Remote Access, Plagiarism Test and Library Clearance.

Cotton University Book Fair 2026

Demography, Economic Inequality, women and other Essays (Record no. 58848)

MARC details
000 -LEADER
fixed length control field 00567nam a2200193Ia 4500
001 - CONTROL NUMBER
control field 58961
008 - FIXED-LENGTH DATA ELEMENTS--GENERAL INFORMATION
fixed length control field 150821n2008 ii |||gr||||Z||||||465
020 ## - INTERNATIONAL STANDARD BOOK NUMBER
International Standard Book Number 81-8387-060-0
082 ## - DEWEY DECIMAL CLASSIFICATION NUMBER
Classification number 304.6
245 #0 - TITLE STATEMENT
Title Demography, Economic Inequality, women and other Essays
Statement of responsibility, etc. V.B.Jugale (Editor)
Medium Textual Documents
250 ## - EDITION STATEMENT
Edition statement Ist ed.
260 ## - PUBLICATION, DISTRIBUTION, ETC.
Place of publication, distribution, etc. New Delhi
Name of publisher, distributor, etc. Serials Publications
Date of publication, distribution, etc. 2008
300 ## - PHYSICAL DESCRIPTION
Extent 456pg:
Dimensions 23cm.
653 ## - INDEX TERM--UNCONTROLLED
Uncontrolled term Economic
653 ## - INDEX TERM--UNCONTROLLED
Uncontrolled term G-Economics
653 ## - INDEX TERM--UNCONTROLLED
Uncontrolled term Demography, Economic Inequality, women
700 ## - ADDED ENTRY--PERSONAL NAME
Personal name Jugale,V.B.,
Relator term Editor.,
942 ## - ADDED ENTRY ELEMENTS (KOHA)
Source of classification or shelving scheme Dewey Decimal Classification
Koha item type Books
Holdings
Withdrawn status Lost status Damaged status Not for loan Collection Home library Current library Shelving location Date acquired Coded location qualifier Cost, normal purchase price Total checkouts Full call number Barcode Date last seen Copy number Price effective from Koha item type
          Dr. Suryya Kumar Bhuyan Library Dr. Suryya Kumar Bhuyan Library   21/08/2015 00000 1295.00   304.6 Ju 934 De 885/Eco 14/01/2024 1 21/08/2015 Books

Designed and Maintained by Team SKBL
©1901-2026

Powered by Koha